LIBRARY ONLINE CATALOGUE

Frontiers of electronic commerce / (Record no. 83)

MARC details
000 -LEADER
fixed length control field 00639nam a22002052 4500
001 - CONTROL NUMBER
control field 0000000217
005 - DATE AND TIME OF LATEST TRANSACTION
control field 20151021151041.0
008 - FIXED-LENGTH DATA ELEMENTS--GENERAL INFORMATION
fixed length control field 070117s xx 000 0 eng d
020 ## - INTERNATIONAL STANDARD BOOK NUMBER
International Standard Book Number 8178080575 :
Terms of availability KES 2,360
040 ## - CATALOGING SOURCE
Original cataloging agency KABU
Transcribing agency KABU
100 1# - MAIN ENTRY--PERSONAL NAME
Personal name Kalakota, Ravi.
-- 0000151639
245 10 - TITLE STATEMENT
Title Frontiers of electronic commerce /
Statement of responsibility, etc. Ravi Kalakota, Andrew B. Whinston.
260 ## - PUBLICATION, DISTRIBUTION, ETC. (IMPRINT)
Place of publication, distribution, etc. Delhi :
Name of publisher, distributor, etc. Pearson Educ.,
Date of publication, distribution, etc. 1996.
300 ## - PHYSICAL DESCRIPTION
Extent xiv, 850 p.
650 #0 - SUBJECT ADDED ENTRY--TOPICAL TERM
Topical term or geographic name as entry element Electronic commerce.
-- 0000148142
700 1# - ADDED ENTRY--PERSONAL NAME
Personal name Whinston, Andrew B.
-- 0000161146
908 ## - PUT COMMAND PARAMETER (RLIN)
Put command parameter 070117
950 ## - LOCAL HOLDINGS (RLIN)
-- 1
Holdings
Withdrawn status Lost status Source of classification or shelving scheme Not for loan Home library Current library Date acquired Total Checkouts Full call number Barcode Date last seen Price effective from Koha item type
    Library of Congress Classification   Kabarak, Nakuru City Campus Kabarak, Nakuru City Campus 21/10/2015   HF5548.32 .K35 005473 21/10/2015 21/10/2015 General Collection